000 00299nam a22001337a 4500
008 171002b xxu||||| |||| 00| 0 eng d
020 _a9781558746091
041 _aeng
080 _a37
100 _a47
101 _aEDU
245 _aCHICKEN SOUP FOR THE KID'SSOUL
_cCANFIELD,J
942 _2udc
_cBK
999 _c31074
_d31074